| 000 | 00746nam a2200205Ia 4500 | ||
|---|---|---|---|
| 003 | OSt | ||
| 005 | 20260602105633.0 | ||
| 008 | 210210b1977 xxu||||| |||| 00| 0 eng d | ||
| 040 | _cAL | ||
| 041 | _aKannada | ||
| 082 | _a574.5K SATM | ||
| 100 |
_aSATISH CHAPPARIKE & YALLAPPA REDDI (A Na). _dಸತೀಶ್ ಚಪ್ಪರಿಕೆ & ಯಲ್ಲಪ್ಪ ರೆಡ್ಡಿ (ಅ ನ ) _9264960 |
||
| 245 |
_aMattondu mauna kanive: parisara sambandhi barahagalu. _bಮತ್ತೊಂದು ಮೌನ ಕಣಿವೆ: ಪರಿಸರ ಸಂಬಂಧಿ ಬರಹಗಳು |
||
| 260 |
_aSagara _bAkshara Prakashana _c1977 |
||
| 300 | _a83 | ||
| 650 |
_aParisara _9264961 |
||
| 690 |
_aEcology _9264962 |
||
| 906 | _a053306 | ||
| 942 |
_2ddc _cBK |
||
| 999 |
_c101712 _d101712 |
||